header

Culture shock (Record no. 64909)

MARC details
000 -LEADER
fixed length control field 01477nam a2200337 a 4500
082 04 - DEWEY DECIMAL CLASSIFICATION NUMBER
Classification number 658.4/06
100 1# - MAIN ENTRY--AUTHOR NAME
Personal name McInnes, Will.
245 10 - TITLE STATEMENT
Title Culture shock
260 ## - PUBLICATION, DISTRIBUTION, ETC. (IMPRINT)
Place of publication Hoboken, N.J. :
Name of publisher Wiley,
Year of publication 2012.
300 ## - PHYSICAL DESCRIPTION
Number of Pages ix, 278 p.
505 0# - FORMATTED CONTENTS NOTE
Formatted contents note Foreword -- Introduction -- Purpose and meaning -- Democracy and empowerment -- Progressive people -- Conscious leadership -- Organizational openness -- Change velocity -- Tech dna -- Fair finances -- Conclusion -- Acknowledgements -- About will mcinnes -- Index.
650 #0 - SUBJECT ADDED ENTRY--TOPICAL TERM
Topical Term Organizational change.
Topical Term Leadership.
Topical Term Culture shock.
856 40 - ELECTRONIC LOCATION AND ACCESS
Uniform Resource Identifier http://site.ebrary.com/lib/rucke/Doc?id=10657871

No items available.

© 2026 Rongo University
Contact us: librarian | system librarian | Rongo university